| 000 | 01387cam a22003131i 4500 | ||
|---|---|---|---|
| 003 | SA-RiAUC | ||
| 005 | 20241030071647.0 | ||
| 008 | 241029s2005____su g b 010 m ara c | ||
| 020 | _a9960109488 | ||
| 040 |
_aSA-DmIAFU _bara _cSA-RiAUC _erda |
||
| 050 | 4 | _b.N37 2005 | |
| 082 | 0 | 4 |
_a810.8 _qSA-RiAUC |
| 090 |
_a810.8 _bن ق ش |
||
| 100 | 1 |
_aالنقشبندي، عبد السلام عبد الحق _eمؤلف. |
|
| 245 | 1 | 2 | _aالأعمال الكاملة للأديب الأستاذ عبد الحق بن عبد السلام النقشبندي. |
| 250 | _aالطبعة الأولى. | ||
| 264 | 1 |
_aجدة، السعودية : _bعبد المقصود محمد سعيد خوجة، _c2005 |
|
| 300 |
_a598 صفحة ؛ _c24 سم. |
||
| 336 |
_aنص _btxt _2rdacontent _3كتاب |
||
| 337 |
_aبدون وسيط _bn _2rdamedia |
||
| 338 |
_aمجلد _bnc _2rdacarrier |
||
| 490 | 0 |
_aكتاب الإثنينية ؛ _v21 |
|
| 500 | _aصدرت هذه الأعمال بمناسبة مكة المكرمة عاصمة الثقافة الإسلامية. | ||
| 504 | _aيشتمل على إرجاعات ببليوجرافية. | ||
| 650 | 7 |
_aالأدب العربي _zالسعودية _yقرن 14 هجري _vمجموعات _2aucsh |
|
| 650 | 7 |
_aالأدب العربي _zالسعودية _vمجموعات _2aucsh |
|
| 942 |
_2ddc _cBOOK _n0 |
||
| 949 |
_aSA-JeALM _d241029 _ukhaled123 _n1 |
||
| 999 |
_c1891 _d1891 |
||